000 00957cab a2200241 4500
001 WB2304-55
008 090401t1987 xxu||||| |||| 00| 0 eng d
035 _a(Sirsi) u53424
041 _aeng
245 _aContractor`s basis case
260 _c1987
350 _a0
490 _aChartered Surveyor Weekly
_vvol 18 no 3 22/1/87 p54-55(2)
520 _aIn Imperial College of Science and Technology v Ebdon (V O) CA 13 November 1986 the rating authority appealed against a Tribunal`s determination of the rateable value of premises occupied by Imperial College on the grounds that the decision contained fundamental errors in the use of the contractor`s method of valuation. The appeal was dismissed.
650 _aASSESSMENTS
650 _aCONTRACTORS BASIS
650 _aCONTRACTORS PRINCIPLE
650 _aEDUCATIONAL BUILDINGS
650 _aRATING APPEALS
690 _aRATING AND VALUATION-CASE LAW
942 _n0
948 _c04/03/1997
999 _c32933
_d32933